| 000 | 00797nam a2200265Ia 4500 | ||
|---|---|---|---|
| 003 | OSt | ||
| 005 | 20220923223217.0 | ||
| 006 | a|||||r|||| 00| 0 | ||
| 007 | ta | ||
| 008 | 220922b |||||||| |||| 00| 0 hin d | ||
| 020 | _c25 | ||
| 024 | _a212,103 | ||
| 037 | _cTextual | ||
| 040 |
_aARTS _cARTS _bhin |
||
| 041 |
_2hin _ahin |
||
| 082 | _aO152,3N175,DW, M6 | ||
| 100 |
_aमाचवे, प्रभाकर _9156279 |
||
| 245 | 0 | _aद्वाभा | |
| 246 | _aDvābhā | ||
| 260 |
_aदिल्ली _b किताबघर प्रका0 _c1986 |
||
| 300 |
_a115पृ. _ccm. |
||
| 650 |
_aहिन्दी साहित्य _9156264 |
||
| 942 |
_hO152,3N175,DW, M6 _cTEXL _2CC |
||
| 999 |
_c362377 _d362377 |
||